Ethics for the information age / (Record no. 698)

MARC details
000 -LEADER
fixed length control field 01251cam a2200325 a 4500
001 - CONTROL NUMBER
control field 15119785
003 - CONTROL NUMBER IDENTIFIER
control field OSt
005 - DATE AND TIME OF LATEST TRANSACTION
control field 20250420134821.0
008 - FIXED-LENGTH DATA ELEMENTS--GENERAL INFORMATION
fixed length control field 071220s2009 maua b 001 0 eng
010 ## - LIBRARY OF CONGRESS CONTROL NUMBER
LC control number 2007052271
020 ## - INTERNATIONAL STANDARD BOOK NUMBER
International Standard Book Number 9781292061238
035 ## - SYSTEM CONTROL NUMBER
System control number (OCoLC)ocn181068492
035 ## - SYSTEM CONTROL NUMBER
System control number (OCoLC)181068492
040 ## - CATALOGING SOURCE
Original cataloging agency DLC
Transcribing agency KCST
050 00 - LIBRARY OF CONGRESS CALL NUMBER
Classification number QA76.9.M65
Item number Q56 2009
082 00 - DEWEY DECIMAL CLASSIFICATION NUMBER
Classification number 174.9004
Edition information 22
Item number Qu Et
100 1# - MAIN ENTRY--PERSONAL NAME
Personal name Quinn, Michael J.
Fuller form of name (Michael Jay)
9 (RLIN) 5362
245 10 - TITLE STATEMENT
Title Ethics for the information age /
Statement of responsibility, etc. Michael J. Quinn.
250 ## - EDITION STATEMENT
Edition statement 6th
260 ## - PUBLICATION, DISTRIBUTION, ETC.
Place of publication, distribution, etc. Essex, England:
Name of publisher, distributor, etc. Pearson,
Date of publication, distribution, etc. 2015.
300 ## - PHYSICAL DESCRIPTION
Extent xxiv, 550 p. :
Other physical details ill. ;
Dimensions 24 cm.
504 ## - BIBLIOGRAPHY, ETC. NOTE
Bibliography, etc. note Includes bibliographical references and index.
505 0# - FORMATTED CONTENTS NOTE
Formatted contents note Catalysts for change -- Introduction to ethics -- Networked communications -- Intellectual property -- Privacy and the government-- Computer and network security -- Computer reliability -- Professional ethics -- Work and wealth.
650 #0 - SUBJECT ADDED ENTRY--TOPICAL TERM
Topical term or geographic name entry element Electronic data processing
General subdivision Moral and ethical aspects.
9 (RLIN) 5363
650 #0 - SUBJECT ADDED ENTRY--TOPICAL TERM
Topical term or geographic name entry element Information technology
General subdivision Moral and ethical aspects.
9 (RLIN) 5364
650 #0 - SUBJECT ADDED ENTRY--TOPICAL TERM
Topical term or geographic name entry element Computer networks
General subdivision Moral and ethical aspects.
9 (RLIN) 5365
650 #0 - SUBJECT ADDED ENTRY--TOPICAL TERM
Topical term or geographic name entry element Computers and civilization.
9 (RLIN) 5366
942 ## - ADDED ENTRY ELEMENTS (KOHA)
Koha item type Book
942 ## - ADDED ENTRY ELEMENTS (KOHA)
Source of classification or shelving scheme Dewey Decimal Classification
Holdings
Withdrawn status Lost status Source of classification or shelving scheme Damaged status Not for loan Home library Current library Date acquired Cost, normal purchase price Total checkouts Full call number Barcode Date last seen Date last checked out Cost, replacement price Price effective from Koha item type
    Dewey Decimal Classification     KCST Library KCST Library 13/10/2021 12.20 1 174.9004 Qu Et 1000000864 13/10/2025 29/04/2025 12.20 13/10/2021 Book
© 2025 KCST. All rights reserved